El primer semestre de la vida en el niño español / (Record no. 124808)

MARC details
000 -LEADER
campo de control de longitud fija 00862nam a2200217 i 4500
001 - NÚMERO DE CONTROL
campo de control 124808
003 - IDENTIFICADOR DE NÚMERO DE CONTROL
campo de control ES-MaACL
005 - FECHA Y HORA DE LA ÚLTIMA TRANSACCIÓN
campo de control 20230906192513.0
007 - CAMPO FIJO DE DESCRIPCIÓN FÍSICA--INFORMACIÓN GENERAL
campo de control de longitud fija t|
008 - DATOS DE LONGITUD FIJA--INFORMACIÓN GENERAL
campo de control de longitud fija 070420s1941 sp ||||1| spa d
100 1# - ENTRADA PRINCIPAL--NOMBRE DE PERSONA
Nombre de persona Torres Marty, Luis.
9 (RLIN) 110984
245 13 - MENCIÓN DEL TÍTULO
Título El primer semestre de la vida en el niño español /
Mención de responsabilidad, etc. por Luis Torres Marty, Félix Gil Ossorio ; con unas consideraciones finales por Joaquín Espinosa Ferrándiz.
260 ## - PUBLICACIÓN, DISTRIBUCIÓN, ETC.
Lugar de publicación, distribución, etc. Madrid :
Nombre del editor, distribuidor, etc. [s.n.],
Fecha de publicación, distribución, etc. 1941 (
Fabricante Sobrinos Sucesores de Minuesa de los Ríos)
300 ## - DESCRIPCIÓN FÍSICA
Extensión 28 p. ;
Dimensiones 20 cm.
490 1# - MENCIÓN DE SERIE
Mención de serie Publicaciones del Instituto Nacional de Previsión ;
Designación de volumen o secuencia 522
700 1# - ENTRADA AGREGADA--NOMBRE PERSONAL
Nombre de persona Gil Ossorio, Félix.
9 (RLIN) 56854
700 0# - ENTRADA AGREGADA--NOMBRE PERSONAL
Nombre de persona Espinosa Ferrándiz, Joaquín.
9 (RLIN) 47913
830 0# - PUNTO DE ACCESO ADICIONAL DE SERIE-TÍTULO UNIFORME
Título uniforme Publicaciones del Instituto Nacional de Previsión ;
Designación de volumen o secuencia 522
9 (RLIN) 181151
852 ## - LOCALIZACIÓN
Ubicación ES-MaACL
Número de control de estantería C-12651(14)
Holdings
Estatus retirado Estado de pérdida Estado de daño No para préstamo Biblioteca de origen Biblioteca actual Ubicación en estantería Fecha de adquisición Fuente de adquisición Total de préstamos Signatura topográfica completa Código de barras Visto por última vez Precio de reemplazo Tipo de ítem Koha
        Biblioteca del Ateneo de Madrid Biblioteca del Ateneo de Madrid Sala Palomar 17/01/2008     C-12651(14) 1130039 23/02/2023 23/02/2023 Libro impreso